000 01388nam a2200301 4500
008 081031s2000 ch 0 chiYA
020 _a9575876504
020 _a978957587650 :NT250/150/Php225/gift :Taipei Christian Linshun South Road Church.
090 _aBS2348.C5
_bT97
_bIIPet
_bc.2
100 1 _aGreen, Michael,
_d1930-
240 1 0 _a2 Peter and Jude.
_lChinese
245 1 0 _aBide hou shu, Youda shu {ch} =
_b2 Peter and Jude /
_cGelin zhu ; Ou Sizhen yi.
246 3 3 _aSecond epistle general of Peter and the general epistle of Jude
250 _aChinese ed.
260 _aTaibei Shi :
_bXiao yuan shu fang; Campus Evangelical Fellowship,
_cc2000.
300 _a251 p. ;
_c21 cm.
490 1 _aDingdao'er xin yue sheng jing zhu shi =
_aTyndale New Testament commentaries
490 1 _aYan jing cong shu
500 _aOriginally published in English as Tyndale New Testament Commentaries : 2 Peter and Jude by Inter Varsity Press, c1987.
500 _aTitle originally published in English by InterVarsity Press, 1987.
504 _aIncludes bibliographical references.
630 0 4 _aBible. N.T. Jude
_xCommentaries {ch}
630 0 4 _aBible. N.T. Peter, 2nd
_xCommentaries {ch}
700 1 _aOu, Sizhen.
830 0 _aDingdao'er xin yue sheng jing zhu shi.
951 _pC-9044
_x00037059
_oCHBS2348.C5/T97/IIPet/c.2
_j081031153750092
_d2000-12-21
_cCH
999 _c32455
_d32455